| 000 | 00432nam a2200145Ia 4500 | ||
|---|---|---|---|
| 008 | 100415s9999 xx 000 0 und d | ||
| 082 |
_b12644 _a599.7442(5475) |
||
| 100 | _aGOVRENMENT OF GUJARAT | ||
| 245 | _aThe gir lion sanctuary project | ||
| 260 |
_aGANDHINAGAR _c1972 _bDIRECTORATE OF INFORMATION & T |
||
| 365 | _b0 | ||
| 630 | _aThe gir lion sanctuary project | ||
| 730 | _aThe gir lion sanctuary project | ||
| 942 | _cBOOK | ||
| 999 |
_c595561 _d595558 |
||